000 00501nam a2200193Ia 4500
005 20260429111914.0
008 260429s9999||||xx |||||||||||||| ||und||
020 _a9789390013272
041 _aEnglish
082 _a532
_bHUG
100 _aHughes, Willow
245 0 _aIntermediate fluid mechanics /
_cWillow Hughes
260 _aPune :
_bKnowledge Bakers,
_c2024.
300 _aviii, 160 p.; hb
650 _a Fluid mechanics
650 _aPhysics
700 _a Dawson, Denaye
942 _cTB
999 _c51360
_d51360